Understanding creation : (Registro nro. 61889)
[ vista simple ]
| 000 -LEADER | |
|---|---|
| campo de control de longitud fija | 02164 a2200409 04500 |
| 001 - NÚMERO DE CONTROL | |
| campo de control | 725926 |
| 003 - IDENTIFICADOR DE NÚMERO DE CONTROL | |
| campo de control | MARCOrgCode |
| 005 - FECHA Y HORA DE LA ÚLTIMA TRANSACCIÓN | |
| campo de control | 20250731173558.0 |
| 008 - DATOS DE LONGITUD FIJA--INFORMACIÓN GENERAL | |
| campo de control de longitud fija | 050703s2011 idu eng d |
| 010 ## - NÚMERO DE CONTROL DE LA BIBLIOTECA DEL CONGRESO | |
| Número de control de LC | 33567 |
| 020 ## - NÚMERO INTERNACIONAL ESTÁNDAR DEL LIBRO | |
| Número Internacional Estándar del Libro | 9780816324286 |
| 040 ## - FUENTE DE CATALOGACIÓN | |
| Centro catalogador/agencia de origen | Biblioteca Monte Morelos |
| Lengua de catalogación | spa |
| Centro/agencia transcriptor | PE-LiUPU |
| Centro/agencia modificador | PE-LiUPU |
| Normas de descripción | rda |
| 082 04 - NÚMERO DE LA CLASIFICACIÓN DECIMAL DEWEY | |
| Número de clasificación | 231.7652 |
| Cutter | U55 |
| Número de edición | 23 |
| 245 00 - MENCIÓN DEL TÍTULO | |
| Título | Understanding creation : |
| Resto del título | answers to questions on faith and science / |
| Mención de responsabilidad, etc. | editado por L. James Gibson y Humberto M. Rasi |
| 264 ## - PRODUCCIÓN, PUBLICACIÓN, DISTRIBUCIÓN, FABRICACIÓN Y COPYRIGHT | |
| Producción, publicación, distribución, fabricación y copyright | Nampa, Idaho : |
| Nombre del de productor, editor, distribuidor, fabricante | Pacific Press Publishing Association, |
| Fecha de producción, publicación, distribución, fabricación o copyright | 2011. |
| 300 ## - DESCRIPCIÓN FÍSICA | |
| Extensión | 223 páginas : |
| Dimensiones | 24 centímetros. |
| 504 ## - NOTA DE BIBLIOGRAFÍA, ETC. | |
| Nota de bibliografía, etc. | Al final de cada capitulo. |
| 505 ## - NOTA DE CONTENIDO CON FORMATO | |
| Nota de contenido con formato | Why do different scientists interpret reality differently? -- What is creation theory? -- are the Bible and science in conflict? -- what is the difference between data and interpretation? -- what is the evidence for a Creator? -- How can we interpret the first chapter of Genesis? -- What are the meaning and implications of the big bang theory? -- When did creation occur? -- Where did life come from? -- How reliable is radiometric dating? -- Can I belive in a worldwide flood? -- What does the fossil record thell us? -- How do plate tectonics relate to the Bible? -- How do dinosaurs fit in a biblical perspective? -- Does the theory of evolution explain the diversity of life? -- Is the theory of evolution scientific? -- Where do humans come from? -- What are the moral implications of Darwinism? -- Can a christian be a good scientist? -- How can I live without having all the answers? |
| 526 ## - NOTA DE INFORMACIÓN SOBRE EL PROGRAMA DE ESTUDIO | |
| Nombre del programa | Segunda Especialidad En Profecías Bíblicas |
| 526 ## - NOTA DE INFORMACIÓN SOBRE EL PROGRAMA DE ESTUDIO | |
| Nombre del programa | Segunda Especialidad En Nuevo Testamento |
| 526 ## - NOTA DE INFORMACIÓN SOBRE EL PROGRAMA DE ESTUDIO | |
| Nombre del programa | Segunda Especialidad En Antiguo Testamento |
| 526 ## - NOTA DE INFORMACIÓN SOBRE EL PROGRAMA DE ESTUDIO | |
| Nombre del programa | Segunda Especialidad En Estudios Adventistas |
| 526 ## - NOTA DE INFORMACIÓN SOBRE EL PROGRAMA DE ESTUDIO | |
| Nombre del programa | Doctorado en teología |
| 526 ## - NOTA DE INFORMACIÓN SOBRE EL PROGRAMA DE ESTUDIO | |
| Nombre del programa | Maestría en teología histórica |
| 526 ## - NOTA DE INFORMACIÓN SOBRE EL PROGRAMA DE ESTUDIO | |
| Nombre del programa | Maestría en teología bíblica |
| 526 ## - NOTA DE INFORMACIÓN SOBRE EL PROGRAMA DE ESTUDIO | |
| Nombre del programa | Maestría en teología |
| 526 ## - NOTA DE INFORMACIÓN SOBRE EL PROGRAMA DE ESTUDIO | |
| Nombre del programa | Maestría en misionología |
| 526 ## - NOTA DE INFORMACIÓN SOBRE EL PROGRAMA DE ESTUDIO | |
| Nombre del programa | Maestría en liderazgo eclesiástico |
| 526 ## - NOTA DE INFORMACIÓN SOBRE EL PROGRAMA DE ESTUDIO | |
| Nombre del programa | Teología |
| 650 14 - PUNTO DE ACCESO ADICIONAL DE MATERIA--TÉRMINO DE MATERIA | |
| Término de materia o nombre geográfico como elemento de entrada | Creacionismo |
| 650 14 - PUNTO DE ACCESO ADICIONAL DE MATERIA--TÉRMINO DE MATERIA | |
| Término de materia o nombre geográfico como elemento de entrada | Fe y razón |
| 700 ## - ENTRADA AGREGADA--NOMBRE PERSONAL | |
| Nombre de persona | Rasi, Humberto |
| Fechas asociadas al nombre | 1935-2023 |
| Término indicativo de función/relación | editor |
| 9 (RLIN) | 1506 |
| 700 ## - ENTRADA AGREGADA--NOMBRE PERSONAL | |
| Nombre de persona | Gibson, L. James |
| Fechas asociadas al nombre | 1919 |
| Término indicativo de función/relación | editor |
| 9 (RLIN) | 1507 |
| 942 ## - ELEMENTOS DE ENTRADA SECUNDARIOS (KOHA) | |
| Fuente del sistema de clasificación o colocación | Clasificación Decimal Dewey |
| Tipo de ítem Koha | Libros físicos |
| Suprimir en OPAC | No |
| 980 ## - EQUIVALENCIA O REFERENCIA-CRUZADA-MENCIÓN DE SERIE--NOMBRE DE PERSONA/TÍTULO [LOCAL, CANADÁ] | |
| ID del usuario creador del registro | 21515 |
| Nombre del creador del registro | DIGNA BRAÑES Analista Documental |
| ID del último usuario que modificó el registro | 1 |
| Nombre del último usuario que modificó el registro | ALBERTO SANCHEZ Responsable de Automatización |
| Visto por última vez | Total de préstamos | Signatura topográfica completa | Código de barras | Copia número | Coste, precio de reemplazo | Fecha de reemplazo | Facultad | Tipo de ítem Koha | Nota pública | Estado de pérdida | Fuente del sistema de clasificación o colocación | Restricciones de uso | No para préstamo | Colección | Programa académico | Biblioteca de origen | Biblioteca actual | Ubicación en estantería | Fecha de adquisición | Fuente de adquisición |
|---|---|---|---|---|---|---|---|---|---|---|---|---|---|---|---|---|---|---|---|---|
| 2025-12-03 | 231.7652 U55 | 81506 | e1 | 25.00 | 2023-07-04 | Teología | Libros físicos | inventario-2023-12-13 | No Perdido | Clasificación Decimal Dewey | No restringido | Disponible para préstamos | Colección General | Teología | Biblioteca CRAI UPeU Lima | Biblioteca CRAI UPeU Lima | Sala principal | 2019-11-12 | Donación |